000 00339nam a2200145Ia 4500
008 230312s9999||||xx |||||||||||||| ||und||
082 _a330.297
_bDAR-I
100 _aAbdul Hameed Dar
245 0 _aIslamic Economics
260 _bILMI Kitab Khana
_aPakistan
_c2004
300 _a517
546 _aEng.
650 _aEconomics
942 _cBK
999 _c5981
_d5981